[Event "World-chT Rapid"]
[Site "Dusseldorf"]
[Date "2023.08.26"]
[Round "1.16"]
[White "Schnellbacher, Jan Eric"]
[Black "Holoubek, Jonas"]
[Result "1/2-1/2"]
[WhiteElo "1980"]
[BlackElo "1570"]
[PlyCount "82"]
[EventDate "2023.08.26"]
[EventType "team-swiss (rapid)"]
[EventRounds "12"]
[EventCountry "GER"]
[SourceTitle "CBM 215 Extra"]
[Source "ChessBase"]
[SourceDate "2023.09.30"]
[SourceVersion "1"]
[SourceVersionDate "2023.09.30"]
[SourceQuality "1"]
[WhiteTeam "Ukraine Amators"]
[BlackTeam "Bayreuth Unischach"]
[WhiteTeamCountry "UKR"]
[BlackTeamCountry "GER"]

1. e4 d5 2. exd5 Nf6 3. Bb5+ Bd7 4. Be2 c6 5. dxc6 Nxc6 6. Nf3 g6 7. 0-0 Bg7 8. Nc3 0-0 9. d3 Rc8 10. Bg5 Qb6 11. Qd2 Nd4 12. Nxd4 Qxd4 13. Bf3 Bc6 14. Bxc6 Rxc6 15. Qe3 Qb4 16. Rab1 a6 17. Bxf6 exf6 18. Nd5 Qa4 19. Ne7+ Kh8 20. Nxc6 Qxc6 21. c3 Re8 22. Qd2 Re5 23. f4 Ra5 24. a3 Bh6 25. Rbe1 Kg7 26. g3 Qc5+ 27. Qe3 Qh5 28. Qf3 Qc5+ 29. Kg2 g5 30. fxg5 Qxg5 31. Re7 Rb5 32. b4 Qd2+ 33. Rf2 Qxc3 34. Qg4+ Kf8 35. Rfe2 Qc6+ 36. Kh3 Rg5 37. Re8+ Kg7 38. Qc8 Rh5+ 39. Kg4 Rg5+ 40. Kh3 Rh5+ 41. Kg4 Rg5+ 1/2-1/2

[Event "Mittelrhein Verbandsliga-S 18/19"]
[Site "Nordrheinwestfalen"]
[Date "2019.02.10"]
[Round "7.6"]
[White "Schnellbacher, Jan Eric"]
[Black "Jonas, Rainer"]
[Result "1-0"]
[WhiteElo "1892"]
[BlackElo "1797"]
[PlyCount "41"]
[EventDate "2018.09.02"]
[EventType "team-tourn"]
[EventRounds "11"]
[EventCountry "GER"]
[SourceTitle "EXT 2022"]
[Source "ChessBase"]
[SourceDate "2021.10.06"]
[SourceVersion "1"]
[SourceVersionDate "2021.10.06"]
[SourceQuality "1"]
[WhiteTeam "Niederkassel II"]
[BlackTeam "Rheinbacher SF"]
[WhiteTeamCountry "GER"]
[BlackTeamCountry "GER"]

1. e4 c6 2. d4 d5 3. exd5 cxd5 4. c4 Nf6 5. Nf3 e6 6. Nc3 Nc6 7. a3 dxc4 8. Bxc4 a6 9. 0-0 Be7 10. Re1 0-0 11. Bg5 Nd5 12. Bxe7 Ncxe7 13. Ne5 b5 14. Bd3 Nxc3 15. bxc3 Bb7 16. Re3 Nf5 17. Bxf5 exf5 18. Qh5 g6 19. Qh6 Qd5 20. Rg3 Qd6 21. Rh3 1-0

[Event "Mittelrhein Verbandsliga-S 18/19"]
[Site "Nordrheinwestfalen"]
[Date "2018.12.16"]
[Round "5.6"]
[White "Schnellbacher, Jan Eric"]
[Black "Chaus, Maria"]
[Result "1/2-1/2"]
[WhiteElo "1892"]
[BlackElo "1755"]
[PlyCount "21"]
[EventDate "2018.09.02"]
[EventType "team-tourn"]
[EventRounds "11"]
[EventCountry "GER"]
[SourceTitle "EXT 2022"]
[Source "ChessBase"]
[SourceDate "2021.10.06"]
[SourceVersion "1"]
[SourceVersionDate "2021.10.06"]
[SourceQuality "1"]
[WhiteTeam "Niederkassel II"]
[BlackTeam "Satranc Club"]
[WhiteTeamCountry "GER"]
[BlackTeamCountry "GER"]

1. e4 c5 2. Nc3 Nc6 3. f4 e6 4. Nf3 d5 5. exd5 exd5 6. Bb5 Nge7 7. Qe2 Be6 8. Ne5 Qc7 9. 0-0 0-0-0 10. Bxc6 Nxc6 11. Nb5 1/2-1/2

[Event "Mittelrhein Verbandsliga-S 18/19"]
[Site "Nordrheinwestfalen"]
[Date "2018.11.18"]
[Round "4.6"]
[White "Heinel, Marcus"]
[Black "Schnellbacher, Jan Eric"]
[Result "1/2-1/2"]
[WhiteElo "1910"]
[BlackElo "1892"]
[PlyCount "24"]
[EventDate "2018.09.02"]
[EventType "team-tourn"]
[EventRounds "11"]
[EventCountry "GER"]
[SourceTitle "EXT 2022"]
[Source "ChessBase"]
[SourceDate "2021.10.06"]
[SourceVersion "1"]
[SourceVersionDate "2021.10.06"]
[SourceQuality "1"]
[WhiteTeam "St Augustin Turm"]
[BlackTeam "Niederkassel II"]
[WhiteTeamCountry "GER"]
[BlackTeamCountry "GER"]

1. d4 Nf6 2. c4 c5 3. d5 b5 4. cxb5 e6 5. Nc3 exd5 6. Nxd5 Bb7 7. Nxf6+ Qxf6 8. Nf3 Be7 9. g3 Bxf3 10. exf3 0-0 11. Qd5 Qe6+ 12. Qxe6 fxe6 1/2-1/2

[Event "Mittelrhein Verbandsliga-S 17/18"]
[Site "Nordrheinwestfalen"]
[Date "2018.04.15"]
[Round "10.7"]
[White "Mass, Elvira"]
[Black "Schnellbacher, Jan Eric"]
[Result "1/2-1/2"]
[WhiteElo "1944"]
[BlackElo "1801"]
[PlyCount "67"]
[EventDate "2017.09.10"]
[EventType "team-tourn"]
[EventRounds "11"]
[EventCountry "GER"]
[SourceTitle "EXT 2022"]
[Source "ChessBase"]
[SourceDate "2021.10.06"]
[SourceVersion "1"]
[SourceVersionDate "2021.10.06"]
[SourceQuality "1"]
[WhiteTeam "Porz SG III"]
[BlackTeam "Niederkassel II"]
[WhiteTeamCountry "GER"]
[BlackTeamCountry "GER"]

1. Nf3 c5 2. g3 Nc6 3. Bg2 g6 4. 0-0 Bg7 5. d3 e5 6. e4 Nge7 7. Nbd2 d6 8. a4 0-0 9. Nc4 h6 10. Nfd2 Kh7 11. f4 f5 12. c3 Rb8 13. Qe2 Be6 14. Nf3 Bxc4 15. dxc4 Qc7 16. Ne1 Rbe8 17. Qd3 exf4 18. gxf4 fxe4 19. Bxe4 Nf5 20. Nf3 Qf7 21. Bd2 Na5 22. Bd5 Qf6 23. Rae1 Nc6 24. Re4 Rxe4 25. Qxe4 Nfe7 26. Re1 Nxd5 27. cxd5 Na5 28. Qd3 Qf5 29. Re3 Qg4+ 30. Kf2 Qxf4 31. Ke2 Qg4 32. Kf2 Qh4+ 33. Ke2 Qg4 34. Kf2 1/2-1/2

[Event "Mittelrhein Verbandsliga-S 17/18"]
[Site "Nordrheinwestfalen"]
[Date "2018.03.18"]
[Round "9.7"]
[White "Schnellbacher, Jan Eric"]
[Black "Fleischer, Uwe"]
[Result "1/2-1/2"]
[WhiteElo "1801"]
[BlackElo "1845"]
[PlyCount "37"]
[EventDate "2017.09.10"]
[EventType "team-tourn"]
[EventRounds "11"]
[EventCountry "GER"]
[SourceTitle "EXT 2022"]
[Source "ChessBase"]
[SourceDate "2021.10.06"]
[SourceVersion "1"]
[SourceVersionDate "2021.10.06"]
[SourceQuality "1"]
[WhiteTeam "Niederkassel II"]
[BlackTeam "Lohmar"]
[WhiteTeamCountry "GER"]
[BlackTeamCountry "GER"]

1. e4 c5 2. Nc3 d6 3. f4 Nc6 4. Nf3 g6 5. Bb5 Bg7 6. Bxc6+ bxc6 7. 0-0 e6 8. d3 Rb8 9. Qe1 Qa5 10. Bd2 Qb6 11. Rb1 Ne7 12. Kh1 0-0 13. Qh4 Qc7 14. f5 exf5 15. Bh6 f6 16. Bxg7 Kxg7 17. Qg3 Rb7 18. b3 Rf7 19. Rbe1 1/2-1/2

[Event "Mittelrhein Verbandsliga-S 17/18"]
[Site "Nordrheinwestfalen"]
[Date "2017.10.01"]
[Round "2.8"]
[White "Klos, Stefan"]
[Black "Schnellbacher, Jan Eric"]
[Result "1-0"]
[WhiteElo "1732"]
[BlackElo "1758"]
[PlyCount "66"]
[EventDate "2017.09.10"]
[EventType "team-tourn"]
[EventRounds "11"]
[EventCountry "GER"]
[SourceTitle "EXT 2022"]
[Source "ChessBase"]
[SourceDate "2021.10.06"]
[SourceVersion "1"]
[SourceVersionDate "2021.10.06"]
[SourceQuality "1"]
[WhiteTeam "Rheinbacher SF"]
[BlackTeam "Niederkassel II"]
[WhiteTeamCountry "GER"]
[BlackTeamCountry "GER"]

1. b4 e5 2. Bb2 d6 3. e3 Nf6 4. c4 Be7 5. Nf3 Bg4 6. Be2 Nbd7 7. h3 Bh5 8. Nc3 0-0 9. 0-0 c6 10. b5 Nc5 11. d4 exd4 12. Nxd4 Bxe2 13. Qxe2 Qd7 14. Rfd1 Nfe4 15. Nxe4 Nxe4 16. Qf3 f5 17. a4 Bh4 18. g3 Bf6 19. Ra2 c5 20. Nxf5 Ng5 21. Qg4 Kh8 22. Rxd6 Qf7 23. Bxf6 gxf6 24. h4 h5 25. Qd1 Ne4 26. Rd7 Qg6 27. Qe2 Rae8 28. Rg7 Qxg7 29. Nxg7 Kxg7 30. Qxh5 f5 31. Qf3 Rd8 32. Qf4 Kf6 33. g4 Rg8 1-0

[Event "Mittelrhein Verbandsliga-M 16/17"]
[Site "Nordrheinwestfalen"]
[Date "2017.04.09"]
[Round "10.5"]
[White "Hendrichs, Udo"]
[Black "Schnellbacher, Jan Eric"]
[Result "1-0"]
[WhiteElo "1889"]
[BlackElo "1704"]
[PlyCount "85"]
[EventDate "2016.09.11"]
[EventType "team-tourn"]
[EventRounds "11"]
[EventCountry "GER"]
[SourceTitle "EXT 2022"]
[Source "ChessBase"]
[SourceDate "2021.10.06"]
[SourceVersion "1"]
[SourceVersionDate "2021.10.06"]
[SourceQuality "1"]
[WhiteTeam "Langenfeld II"]
[BlackTeam "Niederkassel III"]
[WhiteTeamCountry "GER"]
[BlackTeamCountry "GER"]

1. d4 Nf6 2. Nf3 g6 3. e3 Bg7 4. Nbd2 d5 5. Bd3 Nbd7 6. 0-0 0-0 7. b3 b6 8. Bb2 Bb7 9. c4 e6 10. Rc1 Ne4 11. cxd5 exd5 12. Qc2 Nxd2 13. Nxd2 Rc8 14. Ba3 Re8 15. Qd1 Bf8 16. Bxf8 Nxf8 17. Qg4 Ne6 18. Nf3 c5 19. h4 h5 20. Qg3 Qf6 21. Bb5 Red8 22. Rfd1 cxd4 23. Rxc8 Rxc8 24. Bd7 Rf8 25. Bxe6 fxe6 26. Rxd4 Kg7 27. Kh2 Kh6 28. Rf4 Qg7 29. Ng5 Bc8 30. Qf3 Qe5 31. Qg3 Qg7 32. Rxf8 Qxf8 33. Qe5 Qg7 34. Qf4 e5 35. Nf7+ Kh7 36. Nxe5 Bf5 37. Nf3 b5 38. Ng5+ Kg8 39. Qb8+ Qf8 40. Qc7 Qg7 41. Qd8+ Qf8 42. Qxd5+ Kg7 43. Qb7+ 1-0